Ứng dụng của số phức trong chương trình THPT

Các kiến thức cơ bản về số phức. Số phức và ứng dụng trong hình học. Số phức và ứng dụng trong đại số, lượng giác và tổ hợp

Đã lưu trong:
Sonraí Bibleagrafaíochta
Príomhúdar: Hoàng Thị Nguyên Thanh
Údair Eile: Nguyễn Duy Thái Sơn TS. (Hướng dẫn)
Formáid: Leabhar
Teanga:Vietnamese
Foilsithe: Đà Nẵng Đại học Đà Nẵng 2015
Ábhair:
Clibeanna: Cuir Clib Leis
Gan Chlibeanna, Bí ar an gcéad duine leis an taifead seo a chlibeáil!
Thư viện lưu trữ: Mạng thư viện Đại học Đà Nẵng
LEADER 01619nam a2200349 4500
001 000023758
003 20211
005 20160323160342.0
008 160225s2015 viesd
041 |a vie 
082 1 4 |a 512.788  |b HO-T 
100 1 |a Hoàng Thị Nguyên Thanh 
245 1 |a Ứng dụng của số phức trong chương trình THPT  |c Trần Đức Vinh ; Nguyễn Duy Thái Sơn hướng dẫn.  |k Luận văn Thạc sĩ 
260 |a Đà Nẵng  |b Đại học Đà Nẵng  |c 2015 
300 |a 82 tr. ; phụ lục 3 tr.  |c 29 cm.  |e Tóm tắt 
500 |a Luận văn thạc sĩ Khoa học. Chuyên ngành: Phương pháp toán sơ cấp. Mã số: 60.46.01.13 
520 3 |a Các kiến thức cơ bản về số phức. Số phức và ứng dụng trong hình học. Số phức và ứng dụng trong đại số, lượng giác và tổ hợp 
650 0 4 |a Số phức (toán học)  |v Luận văn tốt nghiệp  |x Giáo dục trung học 
653 |a Số phức (toán học) 
653 |a Phương pháp toán sơ cấp 
653 |a Giáo dục trung học 
700 1 |a Nguyễn Duy Thái Sơn  |c TS.  |e Hướng dẫn 
OWN |a LSP 
AVA |a UDN50  |b LSP  |d 512.788 HO-T  |e available  |t Error 5001 Not defined in file expand_doc_bib_avail.  |f 1  |g 0  |h N  |i 0  |k 1 
999 |a From the UDN01 
AVA |a UDN50  |b LSP  |d 512.788 HO-T  |e available  |t Error 5001 Not defined in file expand_doc_bib_avail.  |f 1  |g 0  |h N  |i 0  |k 1 
TYP |a Monograph 
TYP |a Printed language 
980 |a Mạng thư viện Đại học Đà Nẵng